00813nam a22002057a 4500003000400000005001700004008004100021022001300062040001800075082001800093110002500111245009100136260003300227300001400260440008200274650009600356650007600452650005300528700002600581OSt20240709115559.0240709b ||||| |||| 00| 0 eng d a22294678 cAIMIT LIBRARY a005.448bNEXC aPerpetual Innovation aIJNGC :binternational journal of next- generation computing /cEdited by Vijay Kumar. bPerpetual Innovation,c2012. bHBc28 cm aIJNGC: international journal of next -generation computingvVol.3 No.1-3/2012 aCompetition cooperation and optimization in multi- hop CSMA networks with correlated trffic aIntegrated push pull algorithm with accomplishment assurance in VANETs  aAn improved DSM system design and implementation aKumar, Vijay.eEditor